000 00881nam0a22002771 4500
001 rc\4472029
005 20250611182334.0
021 _aRU
_b[66-5109]
035 _a(NLR Aleph) 008330305
090 _a8812878
_c8812878
100 _a20130416d1965 |||y0rusy50 ca
101 0 _arus
102 _aRU
105 _aa z |||a|
200 1 _aВремя
_e[Стихи
_fИл.: Б. Аржекаев]
210 _aСимферополь
_cКрым
_d1965
215 _a174 с.
_cил.
_d17
327 0 _aЦиклы: Океанские люди; Время
464 0 _12001#$aОкеанские люди$aВремя
_tВремя
700 1 _aКриванчиков
_bН.Г.
_f1926-1978
_gНиколай Григорьевич
702 1 _aАржекаев
_bБ.
_4440
801 0 _aRU
_bNLR
_gpsbo
801 1 _aRU
_bELAR
_2rusmarc
852 _aNLR
_j66-2/427
942 _cBOOK
980 _aNB